Profile: Dwight Schrute Quiz Stats

 Plays Quiz Updated Oct 18, 2018

Challenge
Share
Tweet
Embed
Score 0/25 Timer 05:00
1 Play Today
% Correct
What type of farm does he own?Beet farm
96.2%
What is the name of his cousin?Mose
55.8%
How many miles per gallon does his car get?8
51.7%
What is his middle name?Kurt
47%
According to him, what percent of attacks come from the rear?70%
42.1%
Name one of his Halloween costumes.Sith Lord, The Joker, Jigsaw
36.1%
Who tries to kiss him at the Christmas party (second season)?Kelly
30.6%
What South American country does he have relatives in?Argentina
30.5%
How many acres is Schrute Farms?60
25.6%
What type of car does he drive?Pontiac Trans Am
24.3%
His perfect crime includes stealing this from Tiffany’s.Chandelier
23.9%
In his fantasy job, what is his salary?$80,000
20.1%
What TV show does he watch on Thursdays?The Apprentice
18.7%
% Correct
Who is the only person he tips?His urologist
17.1%
He has never taken a sick day, even when he had what?Walking pneumonia
14.2%
He knows that many of Jan’s blouses are from this store.Liz Claiborne
14%
What is the name of his great-grandfather?Dweide Schrude
13.8%
If he could travel anywhere in the world, where would he go?New Zealand
10.6%
What does he say is the life blood of the agritourism industry?TripAdvisor
10%
What movie was he expecting to see when he saw Wedding Crashers?Grizzly Man
9.7%
What is his all-time favorite movie?The Crow
8.7%
Who is his best friend?Rolf
7.7%
What is his favorite cereal?Count Chocula
7.4%
He has seen over how many films?240
6.5%
He says that this man resembles a hobbit.Troy
4.7%

You're not logged in!

Compare scores with friends on all Sporcle quizzes.
OR
Log In

You Might Also Like...

Show Comments

Extras

Top Quizzes Today


Score Distribution

Your Account Isn't Verified!

In order to create a playlist on Sporcle, you need to verify the email address you used during registration. Go to your Sporcle Settings to finish the process.

Report this User

Report this user for behavior that violates our Community Guidelines.

Details: